Obras de San Agustín (Registro nro. 19225)

Detalles MARC
000 -ENCABEZADO
Número de control [NR] 00783nam a2200217Ia 4500
008 - DE LONGITUD FIJA DE DATOS DE ELEMENTOS - INFORMACIÓN GENERAL
Elementos de longitud fija [NR] 130821s1971 sp gr spa
020 ## - NUMERO INTERNACIONAL NORMALIZADO PARA LIBROS [R]
Número Internacional Normalizado del libro [NR] 8422002574
040 ## - FUENTE DE CATALOGACION [NR]
Agencia de catalogación original [NR] Co-BoUCM
Idioma de catalogación [NR] spa
041 ## - CODIGO DE IDIOMA [R]
Código de idioma para texto/pista de sonido o título separado [R] Español
245 ## - MENCION DE TITULO [NR]
Título [NR] Obras de San Agustín
Mención de responsabilidad, etc. [NR] Introducción y notas de Victorino Capanaga.
250 ## - MENCION DE EDICION [NR]
Mención de edición [NR] 5a. Ed.
260 ## - PUBLICACION, DISTRIBUCION, ETC. (PIE DE IMPRENTA) [R]
Lugar de publicación, distribución, etc. [R] Madrid (España)
Nombre del editor, distribuidor, etc. [R] Católica
Fecha de publicación, distribución, etc. [R] 1971
300 ## - DESCRIPCION FISICA [R]
Extensión [R] [1 volumen]
490 ## - MENCION DE SERIE [R]
Mención de serie [R] Biblioteca de Autores Cristianos
Designación numérica/secuencial del volumen [NR] 21
600 ## - ASIENTO SECUNDARIO DE MATERIA - NOMBRE PERSONAL [R]
Nombre personal [NR] Agustín
Títulos y otras palabras asociadas con el nombre [R] Santo
-- Obispo de Hipona
Fechas asociadas con el nombre [NR] 354-430
Subdivisión de forma [R] Colecciones de escritos
9 (RLIN) 156335
600 ## - ASIENTO SECUNDARIO DE MATERIA - NOMBRE PERSONAL [R]
Nombre personal [NR] Agustín
Títulos y otras palabras asociadas con el nombre [R] Santo
-- Obispo de Hipona
Fechas asociadas con el nombre [NR] 354-430
Subdivisión general [R] Crítica e interpretación, etc.
9 (RLIN) 109465
650 04 - ASIENTO SECUNDARIO DE MATERIA - TERMINO TEMATICO [R]
Término temático o nombre geográfico como elemento de entrada [NR] Filosofía
9 (RLIN) 75
700 ## - ASIENTO SECUNDARIO - NOMBRE PERSONAL [R]
Nombre personal [NR] Capanaga, Victorino
9 (RLIN) 156336
942 ## - ELEMENTOS DE ENTRADA AGREGADOS (KOHA)
Tipo de ítem principal el descrito en 300a Libro
Tema principal Filosofía
Edición 5
Parte restante de la signatura top. O17
Sistema de clasificación DEWEY
Clasificación 190
Existencias
Fecha de último préstamo Total préstamos Total Renewals Signatura topográfica Código de barras Última vez visto Volúmen / Fascículo Ejemplar Price effective from Tipo de ítem Perdido Sistema de clasificación Dañado No prestable Tipo de ítem específico Suprimido Ubicación habitual Ubicación actual Localización Fecha de creación Forma de adquisición Costo
11/03/2022 21 1 190 O17 100028172 05/12/2025 5a. Ed. V.3 Ej.1 03/02/2013 Libro   DEWEY     Libro   Claustro Claustro 2do piso 28/02/2003 Compra 7500.00